Two Letter Country Codes - Statistics

General Stats
  • This quiz has been taken 20 times
  • The average score is 142 of 195
Answer Stats
Hint Answer % Correct
Andorra AD
100%
Afghanistan AF
100%
Antigua and Barbuda AG
100%
Albania AL
100%
Armenia AM
100%
Angola AO
100%
Argentina AR
100%
Austria AT
100%
Australia AU
100%
Azerbaijan AZ
100%
Bangladesh BD
100%
Belgium BE
100%
Burkina Faso BF
100%
Bulgaria BG
100%
Bahrain BH
100%
Burundi BI
100%
Brunei BN
100%
Brazil BR
100%
Egypt EG
100%
Eritrea ER
100%
Spain ES
100%
Ethiopia ET
100%
Finland FI
100%
Ukraine UA
100%
Bosnia and Herzegovina BA
90%
Barbados BB
90%
Bolivia BO
90%
Bahamas BS
90%
Bhutan BT
90%
Botswana BW
90%
Belize BZ
90%
Canada CA
90%
Chile CL
90%
Cameroon CM
90%
China CN
90%
Colombia CO
90%
Costa Rica CR
90%
Cuba CU
90%
Cabo Verde CV
90%
Cyprus CY
90%
Czechia CZ
90%
Germany DE
90%
Djibouti DJ
90%
Dominican Republic DO
90%
Ecuador EC
90%
Fiji FJ
90%
Gabon GA
90%
Georgia GE
90%
Switzerland CH
80%
Dominica DM
80%
France FR
80%
Iran IR
80%
Montenegro ME
80%
Saudi Arabia SA
80%
Slovakia SK
80%
San Marino SM
80%
São Tomé and Principe ST
80%
Syria SY
80%
United States US
80%
United Arab Emirates AE
70%
Democratic Republic of the Congo CD
70%
Denmark DK
70%
Estonia EE
70%
Ghana GH
70%
Gambia GM
70%
Greece GR
70%
Haiti HT
70%
Hungary HU
70%
Indonesia ID
70%
Israel IL
70%
India IN
70%
Iraq IQ
70%
Italy IT
70%
Jamaica JM
70%
Jordan JO
70%
Japan JP
70%
Kyrgyzstan KG
70%
Laos LA
70%
Lebanon LB
70%
Liechtenstein LI
70%
Lesotho LS
70%
Luxembourg LU
70%
Morocco MA
70%
Monaco MC
70%
Moldova MD
70%
Mali ML
70%
Mauritania MR
70%
Mozambique MZ
70%
Namibia NA
70%
Niger NE
70%
Nigeria NG
70%
Nicaragua NI
70%
Netherlands NL
70%
Norway NO
70%
Nepal NP
70%
Nauru NR
70%
New Zealand NZ
70%
Oman OM
70%
Panama PA
70%
Peru PE
70%
Papua New Guinea PG
70%
Phillippines PH
70%
Pakistan PK
70%
Poland PL
70%
Qatar QA
70%
Romania RO
70%
Russia RU
70%
Rwanda RW
70%
Solomon Islands SB
70%
Sudan SD
70%
Sweden SE
70%
Slovenia SI
70%
Sierra Leone SL
70%
Senegal SN
70%
Somalia SO
70%
Suriname SR
70%
South Sudan SS
70%
El Salvador SV
70%
Eswanti SZ
70%
Togo TG
70%
Thailand TH
70%
Tajikistan TJ
70%
Turkmenistan TM
70%
Tunisia TN
70%
Tonga TO
70%
Turkey TR
70%
Trinidad and Tobago TT
70%
Tuvalu TV
70%
Taiwan TW
70%
Tanzania TZ
70%
Uganda UG
70%
Uzbekistan UZ
70%
Vatican City VA
70%
Venezuela VE
70%
Vietnam VN
70%
Vanuatu VU
70%
Yemen YE
70%
Central African Republic CF
60%
Congo CG
60%
Ivory Coast CI
60%
Micronesia FM
60%
United Kingdom GB
60%
Grenada GD
60%
Guinea GN
60%
Guatemala GT
60%
Guyana GY
60%
Honduras HN
60%
Croatia HR
60%
Ireland IE
60%
Iceland IS
60%
Kenya KE
60%
Kuwait KW
60%
Saint Lucia LC
60%
Liberia LR
60%
Lithuania LT
60%
Latvia LV
60%
Libya LY
60%
Madagascar MG
60%
Marshall Islands MH
60%
Mongolia MN
60%
Malta MT
60%
Mauritius MU
60%
Maldives MV
60%
Malawi MW
60%
Mexico MX
60%
Malaysia MY
60%
Portugal PT
60%
Paraguay PY
60%
Seychelles SC
60%
Singapore SG
60%
Uruguay UY
60%
South Africa ZA
60%
Zimbabwe ZW
60%
Benin BJ
50%
Belarus BY
50%
Algeria DZ
50%
Equatorial Guinea GQ
50%
Guinea-Bissau GW
50%
Cambodia KH
50%
Kiribati KI
50%
Comoros KM
50%
Saint Kitts and Nevis KN
50%
North Korea KP
50%
South Korea KR
50%
Kazakhstan KZ
50%
Sri Lanka LK
50%
North Macedonia MK
50%
Myanmar MM
50%
Palau PW
50%
Serbia RS
50%
Chad TD
50%
East Timor TL
50%
Saint Vincent and the Grenadines VC
50%
Zambia ZM
50%
Samoa WS
40%
No matching quizzes found
Score Distribution
Percent of People with Each Score
Percentile by Number Answered
Your Score History
You have not taken this quiz